| 000 | 00584nam a2200205Ia 4500 | ||
|---|---|---|---|
| 003 | GCL | ||
| 008 | 140319s9999 xx 000 0 ara d | ||
| 040 |
_aGCL / _cGCL |
||
| 082 | 0 | 4 |
_aط _b813.02 _bم ص |
| 100 | 1 | _aمحمد سعيد | |
| 245 | 1 | 0 |
_aالصياد الساحر وقصص أخرى / _cمحمد سعيد |
| 700 | 1 | _aمحمد صابر | |
| 260 |
_a[S.N] : _bدار المعارف ، _c1994 |
||
| 300 | _a96 ص | ||
| 490 |
_aكان ياما كان _v0 |
||
| 650 | 0 | 4 | _aالاطفال |
| 650 | 0 | 4 | _aقصص الاطفال |
| 650 | 0 | 4 | _aالاقصوصة |
| 942 |
_2ddc _cBK |
||
| 999 |
_c27745 _d27745 |
||